000 01155cam a2200289 a 4500
001 000003608
005 20200929150511.0
008 070720s1979 sp 001 0 spa d
040 _aDO-SdBNP
_cDLC
041 1 7 _aspa
_heng
_2Código de idioma MARC
082 _a813.5
_bT969v
100 1 _aTwain, Mark,
_d1835-1910.
_95013
240 1 0 _aOld times on the Mississippi.
_lEspañol
245 1 0 _aViejos tiempos en el Misisipi /
_cMark Twain ; notas y traducción, J. A. Zabalbescoa.
260 _aBarcelona :
_bBosch,
_c1979.
300 _a347 p. ;
_c18 cm.
490 1 _aErasmo, textos bilingües
500 _aPublicación no autorizada de "los tiempos del Antiguo Mississippi," Tomado de The Atlantic Monthly, enero-junio de 1875.
505 2 _aUna pesadilla literaria (Reproducido por The Atlantic Monthly, febrero 1876.).
534 _aTítulo original :
_tOld times on the Mississippi.
650 4 _aNovela estadounidense
_9262
650 4 _aLiteratura estadounidense
_9263
700 1 _aZabalbescoa, J. A.,
_etr.
_911104
740 0 _aLiterary nightmare.
830 0 _aErasmo, textos bilingües
_911105
910 _aCatalogación por copia / LC
999 _c3432
_d3432